00547nam a2200193 a 4500001001300000003000900013005001700022008004100039020001000080082001300090100002900103245006300132260004300195300000800238500003500246505001600281650002700297700002900324nice12345678IN_TiNIC20260116011402.0050524s1971 newa grp 000 0 eng  ac10000a233bMEG aMegiddo Mission Church,  aGod`s Spiritual Creation(treatise on the First of Genesis) aNew YorkbMegiddo Mission Churchc1971 a87p aincludes index and biblioraphy2 aArabic-Urdu aMan-Christian Theology1 aMegiddo Mission Church,